Statistics for WWE Champions by Year - 1993

Click here to take the quiz!

General Stats

  • This quiz has been taken 54 times
  • The average score is 11 of 15

Answer Stats

TitleDateEventWrestler% Correct
WWE ChampionshipApril 4WrestleMania IXHulk Hogan
100%
WWE ChampionshipApril 4WrestleMania IXYokozuna
96%
WWE ChampionshipJune 13King of the RingYokozuna
96%
IntercontinentalJune 6House showShawn Michaels
92%
IntercontinentalOctober 11RawRazor Ramon
81%
Tag TeamJune 16House showIrwin R. Schyster
77%
Tag TeamJune 16House showTed DiBiase
73%
Women'sDecember 26All American WrestlingAlundra Blayze
69%
IntercontinentalMay 17RawMarty Jannetty
65%
Tag TeamJune 14House showRick Steiner
65%
Tag TeamJune 19House showRick Steiner
65%
Tag TeamJune 14House showScott Steiner
65%
Tag TeamJune 19House showScott Steiner
65%
Tag TeamSeptember 13RawQuebecer Pierre
50%
Tag TeamSeptember 13RawQuebecer Jacques
46%

Score Distribution

Percentile by Number Answered

Percent of People with Each Score

Your Score History

You have not taken this quiz